| 000 | 00419nam a22001697a 4500 | ||
|---|---|---|---|
| 003 | OSt | ||
| 005 | 20140424092222.0 | ||
| 008 | 130730t xxu||||| |||| 00| 0 eng d | ||
| 020 | _a0340-56984-0 | ||
| 020 | _a0340569840 | ||
| 050 |
_aPZ 7 _b.B661 1992 |
||
| 100 |
_aBlyton, Enid _94844 |
||
| 245 |
_aThe Secret Seven: _bGo ahead, sweet seven _cEnid Blyton. |
||
| 562 | _e2 | ||
| 942 |
_2lcc _cBK |
||
| 999 |
_c115473 _d115473 |
||